[Event "Llinars del Valles op 3rd"]
[Site "Llinars del Valles"]
[Date "2009.05.16"]
[Round "5"]
[White "Almeida Toledano, Daniel"]
[Black "Jane Besora, Esteve"]
[Result "1-0"]
[WhiteElo "2318"]
[BlackElo "2054"]
[PlyCount "71"]
[EventDate "2009.04.18"]
[EventType "swiss"]
[EventRounds "7"]
[EventCountry "ESP"]
[SourceTitle "EXT 2011"]
[Source "ChessBase"]
[SourceDate "2010.11.26"]
[SourceVersion "1"]
[SourceVersionDate "2010.11.26"]
[SourceQuality "1"]

1. e4 c5 2. Nf3 Nf6 3. Nc3 d5 4. exd5 Nxd5 5. Bb5+ Bd7 6. Ne5 Bxb5 7. Nxb5 Qb6 8. Qf3 Nf6 9. Nc3 Qc7 10. 0-0 Nbd7 11. Nc4 a6 12. d3 e5 13. Re1 Be7 14. Nd5 Nxd5 15. Qxd5 f6 16. f4 Rd8 17. Qe6 b5 18. Ne3 Nf8 19. Qxa6 Rb8 20. Nd5 Qd7 21. Nxe7 Qxe7 22. fxe5 fxe5 23. Qc6+ Nd7 24. Bf4 0-0 25. Qd5+ Kh8 26. Bxe5 Nxe5 27. Qxe5 Qh4 28. Rf1 Rfe8 29. Qxc5 Rec8 30. Qf2 Qb4 31. c3 Qd6 32. Qg3 Qd5 33. Rae1 Qxa2 34. Re7 Qg8 35. Rff7 Re8 36. Qxg7+ 1-0

[Event "Llinars del Valles op 3rd"]
[Site "Llinars del Valles"]
[Date "2009.05.09"]
[Round "4"]
[White "Jane Besora, Esteve"]
[Black "Fabre Massana, Miquel"]
[Result "1-0"]
[WhiteElo "2054"]
[BlackElo "2173"]
[PlyCount "119"]
[EventDate "2009.04.18"]
[EventType "swiss"]
[EventRounds "7"]
[EventCountry "ESP"]
[SourceTitle "EXT 2011"]
[Source "ChessBase"]
[SourceDate "2010.11.26"]
[SourceVersion "1"]
[SourceVersionDate "2010.11.26"]
[SourceQuality "1"]

1. d4 d5 2. Nf3 Bf5 3. Bf4 Nf6 4. e3 e6 5. c4 c6 6. Nc3 Nbd7 7. Bd3 Bxd3 8. Qxd3 Be7 9. 0-0 0-0 10. c5 Nh5 11. b4 g5 12. Bg3 Nxg3 13. hxg3 f5 14. Nd2 Rf6 15. f4 Rh6 16. Kf2 Nf6 17. Rh1 Qf8 18. Ke2 Qg7 19. Rh3 Ne4 20. Ncxe4 fxe4 21. Qc3 gxf4 22. exf4 Qg4+ 23. Kf2 Rxh3 24. gxh3 Qxh3 25. Rg1 Rf8 26. Nf1 Kh8 27. Qe3 Bf6 28. g4 Qxe3+ 29. Kxe3 Kg7 30. Ng3 Be7 31. Rh1 b6 32. Nh5+ Kg6 33. f5+ exf5 34. Nf4+ Kg5 35. Ne6+ Kxg4 36. Rg1+ Kh5 37. Nxf8 Bxf8 38. Kf4 Be7 39. Kxf5 bxc5 40. Rh1+ Bh4 41. bxc5 e3 42. Rh2 a5 43. a4 h6 44. Kf4 e2 45. Rxe2 Bg5+ 46. Ke5 Kg4 47. Kd6 h5 48. Kxc6 h4 49. Kxd5 h3 50. Ke4 Bf4 51. d5 h2 52. Re1 Bg3 53. Rh1 Kh3 54. Kf3 Be5 55. d6 Bg3 56. d7 Bc7 57. c6 Bd8 58. Ke4 Kg2 59. Rxh2+ Kxh2 60. Ke5 1-0

[Event "Llinars del Valles op 3rd"]
[Site "Llinars del Valles"]
[Date "2009.05.02"]
[Round "3"]
[White "Ortega Serra, Marc"]
[Black "Jane Besora, Esteve"]
[Result "1/2-1/2"]
[WhiteElo "2107"]
[BlackElo "2054"]
[PlyCount "61"]
[EventDate "2009.04.18"]
[EventType "swiss"]
[EventRounds "7"]
[EventCountry "ESP"]
[SourceTitle "EXT 2011"]
[Source "ChessBase"]
[SourceDate "2010.11.26"]
[SourceVersion "1"]
[SourceVersionDate "2010.11.26"]
[SourceQuality "1"]

1. d4 d5 2. c4 e6 3. Nc3 c6 4. Nf3 Nf6 5. e3 Nbd7 6. Bd3 dxc4 7. Bxc4 b5 8. Bb3 Bd6 9. e4 b4 10. Ne2 Nxe4 11. Qc2 Ndf6 12. Ng5 Nxg5 13. Qxc6+ Bd7 14. Qxd6 Nge4 15. Qxb4 Rb8 16. Qa3 Bb5 17. Nc3 Nxc3 18. bxc3 Qc7 19. Ba4 Qc4 20. Bxb5+ Rxb5 21. f3 a6 22. Bd2 Kd7 23. Kf2 Rhb8 24. Rhd1 Nd5 25. Rac1 Qd3 26. Qa4 Nb6 27. Qc2 Qxc2 28. Rxc2 Nc4 29. Bc1 a5 30. Ke2 Kc6 31. Kd3 1/2-1/2

[Event "Catalunya-ch U16"]
[Site "Vila Seca"]
[Date "2007.04.03"]
[Round "7"]
[White "Jane Besora, Esteve"]
[Black "Pueyo Burrel, David"]
[Result "1/2-1/2"]
[WhiteElo "1994"]
[BlackElo "2071"]
[PlyCount "76"]
[EventDate "2007.03.31"]
[EventType "swiss"]
[EventRounds "8"]
[EventCountry "ESP"]
[SourceTitle "EXT 2023"]
[Source "ChessBase"]
[SourceDate "2022.10.05"]
[SourceVersion "1"]
[SourceVersionDate "2022.10.05"]
[SourceQuality "1"]

1. e4 c5 2. Nf3 Nc6 3. Bb5 g6 4. Bxc6 dxc6 5. h3 Bg7 6. 0-0 Nf6 7. d3 Nd7 8. c3 e5 9. Be3 Qe7 10. Qc2 0-0 11. d4 b6 12. dxe5 Nxe5 13. Nxe5 Qxe5 14. f4 Qe7 15. Nd2 Ba6 16. c4 Rad8 17. Rae1 Qd7 18. b3 Qd3 19. Qxd3 Rxd3 20. Kf2 Rfd8 21. Nf3 Bb2 22. Re2 Bc3 23. Rc2 Bg7 24. Rfc1 Kf8 25. Rd2 Ke7 26. Rcd1 Rxd2+ 27. Rxd2 Rxd2+ 28. Nxd2 Kd6 29. e5+ Ke7 30. Kf3 Bc8 31. g4 h5 32. Nf1 hxg4+ 33. hxg4 f6 34. exf6+ Bxf6 35. Ng3 Bh4 36. Ne4 Bf6 37. Bd2 Bd4 38. Be1 Bf6 1/2-1/2

[Event "Catalunya-ch U16"]
[Site "Vila Seca"]
[Date "2007.04.02"]
[Round "4"]
[White "Jane Besora, Esteve"]
[Black "Alonso Rosell, Alvar"]
[Result "0-1"]
[WhiteElo "1994"]
[BlackElo "2247"]
[PlyCount "60"]
[EventDate "2007.03.31"]
[EventType "swiss"]
[EventRounds "8"]
[EventCountry "ESP"]
[SourceTitle "EXT 2023"]
[Source "ChessBase"]
[SourceDate "2022.10.05"]
[SourceVersion "1"]
[SourceVersionDate "2022.10.05"]
[SourceQuality "1"]

1. e4 c5 2. Nf3 d6 3. d4 cxd4 4. Nxd4 Nf6 5. Nc3 a6 6. Be3 e5 7. Nb3 Be6 8. Be2 Be7 9. 0-0 0-0 10. Qd2 Nbd7 11. f4 Rc8 12. f5 Bc4 13. g4 h6 14. Kh1 b5 15. Rg1 b4 16. Bxc4 bxc3 17. Qxc3 d5 18. exd5 Nxd5 19. Qd3 Nxe3 20. Bxa6 Rxc2 21. Bb7 Nc5 22. Qxe3 Nxb7 23. Qe4 Rc7 24. Qxe5 Bf6 25. Qe2 Re8 26. Qg2 Rce7 27. Raf1 Na5 28. g5 hxg5 29. Nc1 Nc4 30. Rf3 Qd5 0-1

[Event "Catalunya-ch U16"]
[Site "Vila Seca"]
[Date "2007.04.01"]
[Round "3"]
[White "Jane Besora, Esteve"]
[Black "Barbero Sendic, Alejandro"]
[Result "1-0"]
[WhiteElo "1994"]
[BlackElo "2168"]
[PlyCount "119"]
[EventDate "2007.03.31"]
[EventType "swiss"]
[EventRounds "8"]
[EventCountry "ESP"]
[SourceTitle "EXT 2023"]
[Source "ChessBase"]
[SourceDate "2022.10.05"]
[SourceVersion "1"]
[SourceVersionDate "2022.10.05"]
[SourceQuality "1"]

1. Nf3 Nf6 2. b3 d5 3. Bb2 e6 4. e3 c5 5. d4 cxd4 6. exd4 Bd6 7. Nbd2 Nc6 8. Be2 Bd7 9. 0-0 0-0 10. c4 Rc8 11. c5 Bb8 12. Bb5 Ne7 13. Bxd7 Nxd7 14. b4 Ng6 15. Re1 Qf6 16. Nf1 Nf4 17. g3 Ng6 18. Ne3 Qd8 19. Ng4 Nf6 20. Nxf6+ Qxf6 21. Ne5 Bxe5 22. dxe5 Qf5 23. f4 h5 24. Qb1 Qh3 25. Qc2 h4 26. Qg2 Qxg2+ 27. Kxg2 Rc7 28. Bd4 Rfc8 29. Rac1 Ne7 30. Bg1 hxg3 31. hxg3 Nc6 32. a3 Nb8 33. Rc2 Nd7 34. Rec1 f6 35. Bd4 Kf7 36. Kf3 fxe5 37. fxe5 Kg6 38. Kg4 Nb8 39. b5 a6 40. a4 axb5 41. axb5 Nd7 42. Rc3 Ra8 43. Kf4 Ra4 44. Ke3 Nxe5 45. Bxe5 Re4+ 46. Kf3 Rxe5 47. c6 d4 48. b6 Rxc6 49. Rxc6 bxc6 50. Rb1 Rf5+ 51. Ke4 Rf8 52. b7 Rb8 53. Kxd4 Kf5 54. Kc5 e5 55. Kxc6 Kg4 56. Rb3 Rf8 57. b8Q Rxb8 58. Rxb8 Kxg3 59. Kd5 g5 60. Kxe5 1-0